000
00214 a2200097 4500
001
18173
100
_a
Hanifi M A
245
_a
Survey of muslim Inst & culture
260
_a
_b
Sh M Ashraf
_c
090
_c
13467
_d
13467
942
_a
NUST-CAE
_c
M
_c
3855
999
_c
253246
_d
253246